Statistics for Speed Geography 7

Click here to take the quiz!

General Stats

  • This quiz has been taken 33 times
  • The average score is 6 of 15

Answer Stats

Hint Answer % Correct
How many countries are there in the world?196
75%
What country was invaded by Iraq in 1990?Kuwait
75%
What US state is Yosemite National Park in?California
64%
How many main islands make up Japan?4
64%
What country is the Great Victorian Desert in?Australia
54%
Name a country that borders just Malaysia.Singapore/Brunei
54%
What is the largest landlocked country in the world?Kazakhstan
50%
What US state is the wettest on average?Hawaii
43%
What country is Mt. Krakatoa in?Indonesia
32%
What African country is due west of Gambia?Cape Verde
29%
What is the tallest building in North America?Willis Tower
25%
What is the largest city in Ecuador?Guayaquil
25%
What country has the highest population density?Monaco
25%
What is the tallest mountain in South America?Mt. Aconcagua
21%
What lake is the source of the Mississippi River?Lake Itasca
0%

Score Distribution

Percentile by Number Answered

Percent of People with Each Score

Your Score History

You have not taken this quiz